000 00462cam a2200169ua 4500
020 _c1.75
041 _amal
_h
082 _a894.81301
_bLAL/IR
100 _aLalithambika, Antharjanam.
245 _aIrupathu varshathinu sesham /
_cN Lalithambika Antharjanam.
_hTextual Documents
260 _aKottayam :
_bSahitya Pravarthaka Co-operative Society ,
_c1956.
300 _a150 ; .
365 _a1.75
504 _a
942 _cBK
999 _c6314
_d6314